| 000 | 00873nam a2200265Ia 4500 | ||
|---|---|---|---|
| 008 | 171025s9999 xx 000 0 und d | ||
| 020 | _a9780439834391 | ||
| 050 | _a973 | ||
| 050 | _bK265 2008 | ||
| 100 | _aKeenan, Sheila | ||
| 245 | _aGreetings from the 50 states : | ||
| 245 | _bhow they got their names / | ||
| 245 | _cSheila Keenan. | ||
| 260 | _aNew York : | ||
| 260 | _bScholastic, | ||
| 260 | _c2008 | ||
| 300 | _a112 pages : | ||
| 300 | _bcolored illustrations ; | ||
| 300 | _c28cm. | ||
| 500 | _aSummary : The story behind each state's name and nickname is told in this informative book providing historical facts, fun trivia, and a helpful geography lesson. | ||
| 650 | _aNames, Geographical. | ||
| 650 | _aU.S. States -- | ||
| 650 | _xJuvenile literature. | ||
| 700 | _aTitle : Greetings from the fifty states : how they got their names. | ||
| 999 |
_c344741 _d344741 |
||